Japanese export management

Đã lưu trong:
書目詳細資料
主要作者: Johansson, Johny K
格式: 圖書
語言:Undetermined
出版: Tokyo 1981
主題:
標簽: 添加標簽
沒有標簽, 成為第一個標記此記錄!
Thư viện lưu trữ: Trung tâm Học liệu Trường Đại học Cần Thơ
LEADER 00442nam a2200169Ia 4500
001 CTU_97349
008 210402s9999 xx 000 0 und d
082 |a 658.848 
082 |b J65 
100 |a Johansson, Johny K 
245 0 |a Japanese export management 
245 0 |c Johny K Johansson 
260 |a Tokyo 
260 |c 1981 
650 |a Export marketing 
904 |i Tuyến 
980 |a Trung tâm Học liệu Trường Đại học Cần Thơ